000 00849nam a2200229Ii 4500
003 JO-AjNU
008 230605s9999||||xx |||||||||||||| ||und||
017 _a1424/510
020 _a9960-854-97-3
040 _aJO-AjNU
_bara
_erda
_cJO-AjNU
041 _aara
050 1 4 _aBP146.I266 2004
100 3 _aابن المنذر ، تحقيق ودراسة: فؤاد عبد المنعم أحمد,
_eauthor
_943505
245 0 0 _aالإجماع : يتضمن المسائل الفقهية المتفق عليها عند أكثر علماء المسلمين
250 _aط1
264 3 1 _aالرياض: دار المسلم للنشر والتوزيع، 2004
300 _a161ص
336 _atext
_btxt
_2rdacontent
337 _aunmediated
_bn
_2rdamedia
338 _avolume
_bnc
_2rdacarrier
650 4 _aالاجماع- اصول الفقه
_943506
999 _aA18708
_c22276
_d22276